000 00937 am a2200277 a 4500
001 57519
003 CO-BoRNBP
005 20250708160416.0
007 ta
008 160404s2015 ck a gr 000 0 spa
020 _a9789587532135
040 _aCO-BoRNBP
_bspa
_erda
_cCO-BoRNBP
082 0 4 _a780.71
_bG83g
245 0 0 _aGuía para la organización y el funcionamiento de escuelas de música /
_cAlejandro Mantilla Pulido ... [et al.]
250 _a1a. edición
264 1 _aBogotá
_bMinisterio de Cultura
_c2015
300 _a64 páginas
_bilustraciones en blanco y negro
_c22 x 28 cm
336 _atexto
_btxt
_2rdacontent
337 _asin mediación
_bn
_2rdamedia
338 _avolumen
_bnc
_2rdacarrier
500 _aIncluye anexos
650 0 7 _aEscuelas de música
_xAdministración
_vGuías
_2LEMB
_960925
650 0 7 _aMúsica
_xEnseñanza
_vGuías
_2LEMB
_9635
700 _aMantilla Pulido, Alejandro
_9637
942 _2ddc
_cBK
999 _c57519
_d57519